000 00443nam a2200181Ia 4500
005 20240823060323.0
008 240823s9999||||xx |||||||||||||| ||und||
041 _aENGLISH
082 _A670 N7
100 _aShantha kumar S R J
245 0 _aProduction Technology
250 _a1st
260 _c1997
_bAnuradha Age
_aKumbakonam
500 _aTRANSFERED
650 _aProduction Technology
_bMechanical
942 _cBK
999 _c230850
_d230850